Marie Martner García. 50 años de trabajo en piedra y cristal.
Сохранить в:
| Главный автор: | |
|---|---|
| Формат: | |
| Язык: | испанский |
| Опубликовано: |
Viña del Mar, Chile:
Catalambo Producciones,
2001.
|
| Предметы: | |
| Метки: |
Добавить метку
Нет меток, Требуется 1-ая метка записи!
|
MARC
| LEADER | 00000nam a22000007a 4500 | ||
|---|---|---|---|
| 003 | CL-VaPUC | ||
| 005 | 20250321101918.0 | ||
| 008 | 250114t2001 ||||| |||| 00| 0 spa d | ||
| 999 | |c 446486 |d 446484 | ||
| 040 | |c Pontificia Universidad Católica de Valparaíso | ||
| 082 | |2 22 |a 738.52 MAR 2001 | ||
| 100 | |9 895353 |a Martner García, Marie |e autora | ||
| 245 | |a Marie Martner García. |b 50 años de trabajo en piedra y cristal. | ||
| 260 | |a Viña del Mar, Chile: |b Catalambo Producciones, |c 2001. | ||
| 300 | |a Páginas sin numeración: |b ilustraciones. | ||
| 500 | |a c.1 Instituto Arcos. 08-01-2025 | ||
| 583 | |c 20250114 |k Yessy Sthefany Diaz Vidal | ||
| 600 | 0 | |9 895353 |a Martner García, Marie |x Muralista y vitralista chilena |v Obras | |
| 650 | 0 | |9 267156 |a Mosaicos |x Diseño arquitectónico |z Chile | |
| 650 | 0 | |9 895356 |a Muralismo |v Obras artísticas |z Siglo 20 | |
| 942 | |2 ddc |c BK |n 0 | ||
| 952 | |0 0 |1 0 |2 ddc |4 0 |6 738_520000000000000_MAR_2001 |7 0 |8 A |9 599246 |a BIBINC |b BIBINC |d 2025-01-14 |e Instituto Arcos |i 5664017 |o 738.52 MAR 2001 |p 5664017 |r 2025-01-14 |t 1 |w 2025-01-14 |y BK |k IFP | ||